| 000 | 01379nam a22002057a 4500 | ||
|---|---|---|---|
| 999 |
_c12614 _d12614 |
||
| 003 | AR-CdUCM | ||
| 008 | 190409b ||||| |||| 00| 0 spa d | ||
| 040 |
_aMUNICIPALIDAD PROVINCIAL DEL CUSCO _cBIBLIOTECA MUNICIPAL DEL CUSCO |
||
| 082 |
_a990.21 / _bV64 |
||
| 100 |
_aVidal Buzzi,Fernando _930539 |
||
| 245 | _aGeografía universal ilustrada / | ||
| 260 |
_aBarcelona : _bMontaner y simon, S.A, _c1928. |
||
| 300 |
_a13 tomos ; _bilustraciones, mapas, _c28 cm. |
||
| 505 | _aContenido : t.1: Islas Británicas --t.6 : Rusia europea y Asiática estados del báltico --t.7: Francia-Geografía física , geografía humana--t.8 : Europa mediterránea Italia y península balcánica --t.9: Península Ibérica-Geografía física --t.10: Península Ibérica-España geografía Física :El clima las aguas --t.11: Asia occidental --Alta Asia --t.12; Asia monzonica- China y JaponDoro -- t.13 -- t.14: Oceanía -Regiones polares australes--t.15-A::Africa septentrional y occidental generalidades-Africa del norte --t.15-B: Sahara --Asia Monzonica India, Indochina --Insulandio --t.16: Africa Ecuatorial ,oriental y Austral -- t.17: El contonente -- t.20 : América del sur: Guayanas, Brazil -- t.21: Paises Andinos... | ||
| 650 |
_aGeografía universal _930540 |
||
| 650 |
_aEnciclopedias _96681 |
||
| 700 |
_aL.Gallois _930541 |
||
| 942 |
_2ddc _cLIBROS |
||
| 945 |
_arjall _d2019-04-09 |
||